A betű szerelem /
Elmentve itt :
| Szerző: | |
|---|---|
| Dokumentumtípus: | Cikk |
| Megjelent: |
1976-04-01
|
| Sorozat: | Délmagyarország
66 No. 78 |
| Kulcsszavak: | Vincze György |
| Online Access: | http://dmarchiv.bibl.u-szeged.hu/101538 |
| LEADER | 00447nab a2200157 i 4500 | ||
|---|---|---|---|
| 001 | delm101538 | ||
| 005 | 20190506124625.0 | ||
| 008 | 190506s1976 hu o 0|| hun d | ||
| 040 | |a SZTE Délmagyarország Archívum |b hun | ||
| 041 | |a hun | ||
| 100 | 1 | |a Simon István, | |
| 245 | 1 | 2 | |a A betű |h [elektronikus dokumentum] : |b szerelem / |c Szegedi Simon István, |
| 260 | |c 1976-04-01 | ||
| 300 | |a 6 | ||
| 490 | 0 | |a Délmagyarország |v 66 No. 78 | |
| 695 | |a Vincze György | ||